| 000 | 00438nam a2200169Ia 4500 | ||
|---|---|---|---|
| 005 | 20250508152147.0 | ||
| 008 | 008 250505s9999 xx 000 0 eng d | ||
| 037 | _aBooks to be hide in OPAC | ||
| 040 |
_aFEDL _beng _cFEDL |
||
| 041 |
_aeng _2eng |
||
| 084 |
_a750.9, RAY/O _qFEDL |
||
| 100 | _aRaynal Maurice | ||
| 245 | 0 | _aModern painting | |
| 300 | _a339p. | ||
| 942 |
_cHB _h750.9, RAY/O |
||
| 999 |
_c1334655 _d1334655 |
||